Data warehousing: Strategies, technologies and techniques

Gorde:
Xehetasun bibliografikoak
Egile nagusia: Mattison, Rob
Formatua: Liburua
Hizkuntza:Undetermined
Argitaratua: New York McGraw-Hill 1996
Gaiak:
Etiketak: Etiketa erantsi
Etiketarik gabe, Izan zaitez lehena erregistro honi etiketa jartzen!
Thư viện lưu trữ: Trung tâm Học liệu Trường Đại học Cần Thơ
LEADER 00538nam a2200193Ia 4500
001 CTU_61422
008 210402s9999 xx 000 0 und d
020 |b 780500 
082 |a 658.40380285 
082 |b M444 
100 |a Mattison, Rob 
245 0 |a Data warehousing: Strategies, technologies and techniques 
245 0 |c Rob Mattison 
260 |a New York 
260 |b McGraw-Hill 
260 |c 1996 
650 |a Database management,Databases 
904 |i Minh, Năm 
980 |a Trung tâm Học liệu Trường Đại học Cần Thơ